书目信息 |
| 题名: |
微机原理与接口技术
|
|
| 作者: | 倪继烈 , 刘新民 编著 | |
| 分册: | ||
| 出版信息: | 2004.01 |
|
| 页数: | 416页 | |
| 开本: | 26cm | |
| 丛书名: | ||
| 单 册: | ||
| 中图分类: | TP36 | |
| 科图分类: | ||
| 主题词: | 微型计算机 | |
| 电子资源: | ||
| ISBN: | 7-81065-326-1 | |
| 000 | 00611nam0 2200205 450 | |
| 001 | 0858381281 | |
| 005 | 20080303161440.26 | |
| 010 | @a7-81065-326-1@dCNY29.80 | |
| 100 | @a20080303d2004 km y0chiy0120 ea | |
| 101 | 0 | @achi |
| 200 | 1 | @a微机原理与接口技术@Awei ji yuan li yu jie kou ji shu@f倪继烈,刘新民编著@Fni ji lie,liu xin min bian zhu |
| 205 | @a2版 | |
| 210 | @d2004.01 | |
| 215 | @a416页@d26cm | |
| 606 | 0 | @a微型计算机 |
| 690 | @aTP36@v4 | |
| 701 | 0 | @a倪继烈@Ani ji lie@4编著 |
| 701 | 0 | @a刘新民@Aliu xin min@4编著 |
| 801 | 0 | @aCN@b大连网信软件有限公司图书馆·11@c20080303 |
| 905 | @aZUCC@dTP36@eN495 | |
| 微机原理与接口技术/倪继烈,刘新民编著.-2版.-2004.01 |
| 416页;26cm |
| ISBN 7-81065-326-1:CNY29.80 |
| ● |
| 相关链接 |
|
|
|
正题名:微机原理与接口技术
索取号:TP36/N495
 
预约/预借
| 序号 | 登录号 | 条形码 | 馆藏地/架位号 | 状态 | 备注 |
| 1 | 479556 | 204795560 | 期刊室512/ [索取号:TP36/N495] | 在馆 |